00793cam a2200253 a 4500003000500000005001700005008004100022010001000063011001000073035001000083040000900093082001500102100002600117245006700143260011900210300002200329650003500351650002400386650003400410650001900444650002200463700003400485700002000519CHAP20220329142339.0000830d1999 ar r 10100 spa d a82133 a83105 a93614 cCHAP04a633.34bM300aMassaro, R. A.ecomp.10aSojac/comp. por R.A. Massoro, M. Fior y M. Fernández Alsina aSanta Fé, Argentina :bInstituto Nacional de Tecnología Agropecuaria. Estación Agropecuaria Oliveros,c1999. a98 p. :bgráfs.14aFertilizantesxEfecto en soya.14aSoyaxEnfermedades.14aSoyaxMalas hierbasxControl.14aSoyaxSemilla.14aSoyaxVariedades.0 aFernández Alsina, M.ecomp.0 aFior, M.ecomp.